000
00284nam a2200121Ia 4500
008
231129s1966||||xx |||||||||||||| ||spa||
082
_a
HAJ- 0162
100
_a
Langley Nina
245
0
_a
Doctor Schweitzer
260
_c
1966
264
_a
Barcelona: Juventud 1966
942
_2
ddc
_c
BKS
999
_c
9716
_d
9716